000 00982nac a22003257a 4500
001 BR6800357
003 BR-BrBNA
005 20240105113329.0
008 230509b bl.|||m| |||| 00| 0 por d
040 _aBR-BrBNA
_bpor
_cBiblioteca Nacional de Agricultura
072 _aL00; E15
090 _a9410 BR6800357
110 1 _aDepartamento Estadual de Estatistica, Curitiba, PR (Brasil)
_93180
245 1 _aProdutos de origem animal, ano de 1966 [Leite; Manteiga; La; Ovo; Mel; Cera]
260 3 _aCuritiba, PR (Brasil):
_c1968.
300 _a20 p.
490 _aProdutos de Origem Animal - Departamento Estadual de Estatistica (Brazil)
_v
_x
500 _aNumerical data
650 _aProducao animal
650 _aMicroeconomia
650 _aLeite
650 _aManteiga
650 _aLa
650 _aOvo
650 _aMel
650 _aCera
650 _aEstatistica de producao
909 _a202312
_bLúcia Elande
_c55
_dLúcia Elande
942 _2AGRIS
_n0
_cMS
999 _c263130
_d263130